[Event "Split op 4th"]
[Site "Split"]
[Date "2014.08.19"]
[Round "5"]
[White "Caloni, Ugo"]
[Black "Brynell, Stellan"]
[Result "0-1"]
[WhiteElo "2165"]
[BlackElo "2464"]
[PlyCount "106"]
[EventDate "2014.08.16"]
[EventType "swiss"]
[EventRounds "9"]
[EventCountry "CRO"]
[SourceTitle "CBM 161 Extra"]
[Source "ChessBase"]
[SourceDate "2014.08.29"]
[SourceVersion "1"]
[SourceVersionDate "2014.08.29"]
[SourceQuality "1"]

1. d4 Nf6 2. c4 e6 3. Nf3 b6 4. g3 Ba6 5. Qb3 Nc6 6. Nbd2 d5 7. cxd5 exd5 8. Qa4 Bb7 9. Ne5 Bd6 10. Nxc6 Qd7 11. Bh3 Qxc6 12. Qxc6+ Bxc6 13. 0-0 0-0 14. Re1 Rfe8 15. Bg2 Bb5 16. e3 Kf8 17. a4 Bd3 18. b3 a5 19. Ba3 Ke7 20. Bxd6+ Kxd6 21. Rac1 c5 22. Rc3 Bf5 23. Rec1 Rac8 24. Bf1 h6 25. Ba6 Rc7 26. f3 g5 27. g4 Bd7 28. h3 h5 29. Kf2 hxg4 30. hxg4 Rh8 31. Kg2 Ne8 32. Bd3 cxd4 33. exd4 Rxc3 34. Rxc3 Ng7 35. Bb5 Ne6 36. Bxd7 Nf4+ 37. Kf2 Rh2+ 38. Ke1 Kxd7 39. Kd1 Rf2 40. Re3 Ne6 41. Rd3 f6 42. Kc2 Nd8 43. Kc3 Nc6 44. Re3 Nxd4 45. Kd3 Ne6 46. Re1 Nc5+ 47. Ke3 Rh2 48. Rd1 d4+ 49. Kxd4 Rxd2+ 50. Rxd2 Nxb3+ 51. Kc3+ Nxd2 52. Kxd2 Kc6 53. Kc3 b5 0-1

[Event "Calvi Balagne op 07th"]
[Site "Calvi"]
[Date "2010.04.28"]
[Round "5"]
[White "Caloni, Ugo"]
[Black "Bruno, Fabio"]
[Result "0-1"]
[WhiteElo "2145"]
[BlackElo "2470"]
[PlyCount "72"]
[EventDate "2010.04.25"]
[EventType "swiss"]
[EventRounds "9"]
[EventCountry "FRA"]
[SourceTitle "CBM 136 Extra"]
[Source "ChessBase"]
[SourceDate "2010.07.02"]
[SourceVersion "2"]
[SourceVersionDate "2010.07.15"]
[SourceQuality "1"]

1. d4 d5 2. c4 e6 3. Nc3 Nf6 4. Bg5 Nbd7 5. e3 c6 6. c5 e5 7. Nf3 exd4 8. exd4 Be7 9. Bd3 Nf8 10. h3 Ne6 11. Bd2 0-0 12. 0-0 Nd7 13. Qc2 g6 14. Rfe1 Bf6 15. Ne2 a5 16. Rac1 Bg7 17. Qa4 Nf6 18. Ng3 Bd7 19. Ne5 Qc7 20. a3 Rfc8 21. b4 Nxd4 22. Nxd7 Nxd7 23. bxa5 Ne5 24. Be2 Re8 25. Kf1 Nxe2 26. Rxe2 Nc4 27. Bb4 Rxe2 28. Nxe2 Re8 29. a6 Ra8 30. a7 b5 31. cxb6 Qxb6 32. Qd1 Qxa7 33. Kg1 Qb6 34. Be7 Re8 35. Rb1 Nb2 36. Bd6 Qa6 0-1

[Event "ITA-chT 28th"]
[Site "Italy"]
[Date "1996.??.??"]
[Round "?"]
[White "Caloni, Ugo"]
[Black "Cordara, Michele"]
[Result "1-0"]
[WhiteElo "2195"]
[BlackElo "2200"]
[PlyCount "63"]
[EventDate "1996.02.25"]
[EventType "team-swiss"]
[EventRounds "7"]
[EventCountry "ITA"]
[SourceTitle "EXT 2021"]
[Source "ChessBase"]
[SourceDate "2020.10.23"]
[SourceVersion "1"]
[SourceVersionDate "2020.10.23"]
[SourceQuality "1"]

1. d4 Nf6 2. c4 e5 3. dxe5 Ng4 4. Nf3 Bc5 5. e3 Nc6 6. a3 a5 7. Qd5 Qe7 8. Be2 Ncxe5 9. h3 Nxf3+ 10. Qxf3 Ne5 11. Qg3 Ra6 12. Qxg7 Rf8 13. Qxh7 Rg6 14. Nc3 Rfg8 15. Nd5 Qd6 16. Nf4 R8g7 17. Qh8+ Rg8 18. Qh5 Rg5 19. Qh7 b5 20. h4 R5g7 21. Qe4 bxc4 22. Bd2 f5 23. Qxf5 Bb7 24. 0-0-0 Qe7 25. Bc3 Bd6 26. Nd5 Qf7 27. Bh5 Ng6 28. Qxf7+ Kxf7 29. Bxg7 Kxg7 30. Bxg6 Kxg6 31. g3 Rf8 32. Rd2 1-0

[Event "Ceriano Laghetto op 4th"]
[Site "Ceriano Laghetto"]
[Date "1995.02.??"]
[Round "6"]
[White "Caloni, Ugo"]
[Black "Duarte, Riccardo"]
[Result "1-0"]
[WhiteElo "1902"]
[BlackElo "2030"]
[PlyCount "51"]
[EventDate "1995.02.01"]
[EventType "swiss"]
[EventRounds "8"]
[EventCountry "ITA"]
[SourceTitle "EXT 2023"]
[Source "ChessBase"]
[SourceDate "2022.10.05"]
[SourceVersion "1"]
[SourceVersionDate "2022.10.05"]
[SourceQuality "1"]

1. d4 d5 2. c4 e6 3. Nf3 Nf6 4. Bg5 c6 5. Nc3 Nbd7 6. e3 Bb4 7. Qb3 Qa5 8. Rc1 Ne4 9. Bf4 Ndf6 10. Bd3 dxc4 11. Qxc4 0-0 12. 0-0 Bxc3 13. bxc3 Qh5 14. Be2 Qf5 15. Bd3 Qh5 16. Qa4 g5 17. Be5 g4 18. Ne1 Qh6 19. Bf4 Qh4 20. Qc2 Ng5 21. f3 Nd5 22. Qf2 Qh5 23. Qg3 f5 24. e4 Nxf4 25. fxg4 fxe4 26. gxh5 1-0